000 00768nam a2200217Ia 4500
003 OSt
005 20260123115548.0
008 220923b |||||||| |||| 00| 0 eng d
037 _cGeneral Book
040 _aRTL
_cRTL
_beng
041 _2eng
_aeng
084 _aX:8N9.2.N7 , L2
_qRTL
100 _aSheth N R
_91104788
245 0 _aJoint management council
_b Problems and prospects
260 _a New Delhi
_bS R C India
_c1972
300 _axii ,171 p . Appendix : 137-166 P .
_bIncludes bibliographical references and index
490 _aShri Ram Centre for Industrial Relations and Human Resources, Publication
650 _aPublic Report Management
_91104789
942 _hX:8N9.2.N7 , L2
_cGB
_2CC
_n0
999 _c612050
_d612050